000 00786nam a2200229Ia 4500
001 7331
003 GE_BSU
008 181216s||||||||xx |||||||||||||| ||und||
040 _cGE_BSU
080 _a82-93: 821.353.1-311.6
100 _aსურმანიძე რამაზ.
245 _aზეცასთან მოუბარი.
245 _b(მცირე ისტორიული რომანი ყმაწვილთათვის)
245 _cრედ: ფრიდონ ხალვაში.
260 _aბათუმი.
260 _bშპს: "გამაპრინტი".
260 _c2012.
300 _a124 გვ; 16 სმ.
300 _bილ.
653 _aზეცასთან მოუბარი.
942 _cBK
999 _c40696
_d40696